| 000 -LEADER |
| fixed length control field |
01665cam a2200397 a 4500 |
| 001 - CONTROL NUMBER |
| control field |
1149081 |
| 005 - DATE AND TIME OF LATEST TRANSACTION |
| control field |
20170201130112.0 |
| 008 - FIXED-LENGTH DATA ELEMENTS--GENERAL INFORMATION |
| fixed length control field |
940119s1993 nyua bc 000 0 eng d |
| 010 ## - LIBRARY OF CONGRESS CONTROL NUMBER |
| LC control number |
95125185 |
| 020 ## - INTERNATIONAL STANDARD BOOK NUMBER |
| International Standard Book Number |
1558592849 : |
| Terms of availability |
$85.00 (U.S.) |
| 035 ## - SYSTEM CONTROL NUMBER |
| System control number |
(OCoLC)29649312 |
| 040 ## - CATALOGING SOURCE |
| Original cataloging agency |
NPV |
| Transcribing agency |
NPV |
| Modifying agency |
PPiU |
| -- |
IDeKN |
| -- |
DLC |
| 042 ## - AUTHENTICATION CODE |
| Authentication code |
lccopycat |
| 043 ## - GEOGRAPHIC AREA CODE |
| Geographic area code |
e-it--- |
| 050 04 - LIBRARY OF CONGRESS CALL NUMBER |
| Classification number |
ND623.T5 |
| Item number |
A4 1993 |
| 082 00 - DEWEY DECIMAL CLASSIFICATION NUMBER |
| Classification number |
759.5 |
| Edition number |
20 |
| 100 1# - MAIN ENTRY--PERSONAL NAME |
| Personal name |
Brown, Beverly Louise, |
| Dates associated with a name |
1948- |
| 245 10 - TITLE STATEMENT |
| Title |
Giambattista Tiepolo : |
| Remainder of title |
master of the oil sketch / |
| Statement of responsibility, etc. |
Beverly Louise Brown ; with essays by Terisio Pignatti, Oreste Ferrari, Teresa Longyear. |
| 250 ## - EDITION STATEMENT |
| Edition statement |
1st U.S. ed. |
| 260 ## - PUBLICATION, DISTRIBUTION, ETC. (IMPRINT) |
| Place of publication, distribution, etc. |
Milan : |
| Name of publisher, distributor, etc. |
Electa ; |
| Place of publication, distribution, etc. |
New York : |
| Name of publisher, distributor, etc. |
Abbeville ; |
| Place of publication, distribution, etc. |
Fort Worth : |
| Name of publisher, distributor, etc. |
Kimbell Art Museum, |
| Date of publication, distribution, etc. |
c1993. |
| 300 ## - PHYSICAL DESCRIPTION |
| Extent |
350 p. : |
| Other physical details |
ill. (some col.) ; |
| Dimensions |
29 cm. |
| 500 ## - GENERAL NOTE |
| General note |
Accompanies the exhibition of the same name held at the Kimbell Art Museum in Fort Worth, Sept. 18-Dec. 12, 1993. |
| 504 ## - BIBLIOGRAPHY, ETC. NOTE |
| Bibliography, etc |
Bibliography: p. 330-345. |
| 600 10 - SUBJECT ADDED ENTRY--PERSONAL NAME |
| Personal name |
Tiepolo, Giovanni Battista, |
| Dates associated with a name |
1696-1770 |
| General subdivision |
Exhibitions. |
| 650 #0 - SUBJECT ADDED ENTRY--TOPICAL TERM |
| Topical term or geographic name as entry element |
Artists' preparatory studies |
| Geographic subdivision |
Italy |
| General subdivision |
Exhibitions. |
| 700 1# - ADDED ENTRY--PERSONAL NAME |
| Personal name |
Tiepolo, Giovanni Battista, |
| Dates associated with a name |
1696-1770. |
| 700 1# - ADDED ENTRY--PERSONAL NAME |
| Personal name |
Pignatti, Terisio, |
| Dates associated with a name |
1920-2004. |
| 700 1# - ADDED ENTRY--PERSONAL NAME |
| Personal name |
Ferrari, Oreste. |
| 700 1# - ADDED ENTRY--PERSONAL NAME |
| Personal name |
Longyear, Teresa. |
| 710 2# - ADDED ENTRY--CORPORATE NAME |
| Corporate name or jurisdiction name as entry element |
Kimbell Art Museum. |
| 906 ## - LOCAL DATA ELEMENT F, LDF (RLIN) |
| a |
7 |
| b |
cbc |
| c |
copycat |
| d |
2 |
| e |
ncip |
| f |
19 |
| g |
y-gencatlg |
| 942 ## - ADDED ENTRY ELEMENTS (KOHA) |
| Source of classification or shelving scheme |
|
| Koha item type |
Hard Covered Materials |